00755nam a2200253 a 450000100060000000300080000600500170001400800410003102000250007203500190009704000270011604100080014308200240015110000250017524500680020026000530026830000360032150000230035765000280038065000310040865000220043965000210046170000190048261030BD-RjUL20211209080920.0170114s1982 enka b 001 0 eng  a0131078542 :c$17.95 a(BD-RjUL)61154 aDLCcDLCdBD-RjULbeng aeng00a651.7223bFEB 19821 aFellows, Hugh Price.10aBusiness speaking and writing /cHugh Fellows and Fusaye Ikeda. aEnglewood Cliffs, N.J. :bPrentice-Hall,cc1982. axviii, 366 p. :bill. ;c24 cm. aIncludes indexes. 0aBusiness communication. 0aCommercial correspondence. 0aBusiness writing. 0aPublic speaking.1 aIkeda, Fusaye.